Online
Catalog

La colonización de Puerto Rico : (Record no. 24659)

MARC details
000 -CABECERA
campo de control de longitud fija 01001nam a2200229 a 4500
001 - NÚMERO DE CONTROL
campo de control 000025166
005 - FECHA Y HORA DE LA ÚLTIMA TRANSACCIÓN
campo de control 20200930023612.0
008 - DATOS DE LONGITUD FIJA--INFORMACIÓN GENERAL
campo de control de longitud fija 110210s1969 pr r 000 0 spa d
040 ## - FUENTE DE LA CATALOGACIÓN
Centro catalogador/agencia de origen DO-SdBNP
Lengua de catalogación spa
Centro/agencia transcriptor BNPHU
082 ## - NÚMERO DE LA CLASIFICACIÓN DECIMAL DEWEY
Número de clasificación 972.95
Número de documento/Ítem B825c, 1969
100 1# - ENTRADA PRINCIPAL--NOMBRE DE PERSONA
Nombre de persona Brau, Salvador,
Fechas asociadas al nombre 1837-1912
9 (RLIN) 51627
245 13 - MENCIÓN DE TÍTULO
Título La colonización de Puerto Rico :
Resto del título desde el descubrimiento de la isla hasta la reversión a la corona española de los privilegios de Colón /
Mención de responsabilidad, etc. Salvador Brau ; cuarta edición anotada por Isabel Gutierrez del Arroyo.
250 ## - MENCIÓN DE EDICIÓN
Mención de edición 4a ed.
260 ## - PUBLICACIÓN, DISTRIBUCIÓN, ETC.
Lugar de publicación, distribución, etc. San Juan, Puerto Rico :
Nombre del editor, distribuidor, etc. Instituto de Cultura Puertorriqueña,
Fecha de publicación, distribución, etc. 1969.
300 ## - DESCRIPCIÓN FÍSICA
Extensión 639 p. ;
Dimensiones 19 cm.
500 ## - NOTA GENERAL
Nota general Incluye índice toponimico.
500 ## - NOTA GENERAL
Nota general Incluye notas al pie de las páginas
504 ## - NOTA DE BIBLIOGRAFÍA, ETC.
Nota de bibliografía, etc. Incluye referencias bibliográficas: [573]-576 p.
651 #4 - PUNTO DE ACCESO ADICIONAL DE MATERIA--NOMBRE GEOGRÁFICO
Nombre geográfico Puerto Rico
Subdivisión general Historia
9 (RLIN) 1079
651 #4 - PUNTO DE ACCESO ADICIONAL DE MATERIA--NOMBRE GEOGRÁFICO
Nombre geográfico Puerto Rico
Subdivisión general Historia
Subdivisión cronológica DESCUBRIMIENTO Y CONQUISTA, 1493-1526
9 (RLIN) 31777
700 1# - PUNTO DE ACCESO ADICIONAL--NOMBRE DE PERSONA
Nombre de persona Gutierrez del Arroyo, Isabel.
9 (RLIN) 16244
Holdings
Estado de retiro Estado de pérdida Restricciones de uso No para préstamo Código de colección Localización permanente Ubicación/localización actual Ubicación en estantería Fecha de adquisición Número de inventario Total de préstamos Signatura topográfica completa Código de barras Fecha visto por última vez Precio válido a partir de Tipo de ítem Koha Número de copia
        Monografías: Libros y Folletos General General En catalogación 10.02.2011 LF1   972.95 B825c, 1969 25166-10 25.06.2020 25.06.2020 Préstamo en sala  
      Préstamo restrigido Monografías: Libros y Folletos General General En catalogación 22.02.2011 LF1   972.95 B825c, 1969 25166-20 25.06.2020 25.06.2020 Préstamo en sala e. 2
        Monografías: Libros y Folletos Patrimonio Dominicano Patrimonio Dominicano Orden iniciada 05.06.2017 LF1   972.95 B825c, 1969 25166-30 25.06.2020 25.06.2020 No se presta  

Powered by Koha